| 000 | 00488nam a22001697a 4500 | ||
|---|---|---|---|
| 003 | OSt | ||
| 005 | 20140311130134.0 | ||
| 008 | 130608t xxu||||| |||| 00| 0 eng d | ||
| 020 | _a0441406300 | ||
| 050 |
_aPN 2287 _b.M969 1978 |
||
| 082 |
_aM 791.0924 _bT69m 1978 |
||
| 245 |
_aJohn Travolta : _ban illustrated biography / _cMunshower, Suzanne |
||
| 260 |
_aNew York, NY : _bGrosset & Dunlap, Inc., _cc1978. |
||
| 300 |
_a131 p. _bill. ; _c17 cm. |
||
| 942 |
_2lcc _cBK _kM |
||
| 999 |
_c35465 _d35465 |
||